Albums studios de Bénabar - Statistiques

Statistiques générales
  • Ce quiz a été pris 4 fois
  • Le résultat moyen est 6 sur 10
Statistiques - réponses
Année Album % Correct
2008 Infréquentable
100%
2005 Reprise des négociations
100%
2001 Bénabar
75%
2014 Inspiré de faits réels
75%
2021 Indocile heureux
50%
2018 Le Début de la suite
50%
2011 Les Bénéfices du doute
50%
2003 Les Risques du métier
50%
2021 On lâche pas l'affaire
50%
1997 Bénabar & associés
25%
Aucun quiz correspondant
Distribution des résultats
% des personnes avec chaque résultat
Percentile par nombre de réponses
Votre historique - résultats
Vous n’avez pas pris ce quiz